000 01185nam a2200217 a 4500
001 57696
005 20180714054004.0
008 140415s1990 mx 000 0 spa d
020 _a9682927676
041 _aspa
082 _a305.89707274
_bBAR
245 0 0 _aETNICIDAD Y PLURALISMO CULTURAL LA DINAMICA ETNICA EN OAXACA
250 _a1a ed.
260 _aMEXICO :
_bCONSEJO NACIONAL PARA LA CULTURA Y LAS ARTES,
_c1990
300 _a286
_c13.5 x 2.7 x 21
490 _aREGIONES
500 _aALICIA M. BARBAS Y MIGUEL A. BARTOLOME SON COORDINADORES
520 _aOAXACA ES UNA CAMBIANTE E INAGOTABLE FUENTE PARA EL CONOCIMIENTO ANTROPOLOGICO. ESTE LIBRO CONSTITUYE UNA PROPUESTA DE APROXIMACION A LA CUESTION ETNICA DE LA REGION, EN LA QUE PODEMOS CONTAR 17 GRUPOS A QUIENES PROCESOS Y DESARROLLOS CIVILIZADORES AFECTAN DIVERSAMENTE . LOS AUTORES PRESENTAN LOS DIFERENTES MOMENTOS Y LAS CARACTERISTICAS DE LA DINAMICA REGIONAL DESDE LA EPOCA PREHISPANICA HASTA LOS MOVIMIENTOS ETNOPOLITICOS.
650 1 4 _aINDIOS DE MEXICO
_xMEXICO
_xOAXACA
_xINDIOS DE MEXICO
_xMEXICO
_xOAXACA
_xCONDICIONES SOCIALES
700 1 _aBARABAS, ALICIA M. -BARTOLOME, MIGUEL A.
_ecoaut.
999 _c57696
_d57696